书目信息 |
| 题名: |
5G移动网络的同步
|
|
| 作者: | 哈加蒂 , 阿杰梅里 , 坦瓦尔 著 ;郭宇春 译 | |
| 分册: | 上册 | |
| 出版信息: | 北京 机械工业出版社 2024.07 |
|
| 页数: | 304页 | |
| 开本: | 24cm | |
| 丛书名: | 通信网络前沿技术丛书 | |
| 单 册: | ||
| 中图分类: | TN929.538 | |
| 科图分类: | ||
| 主题词: | 第五代移动通信系统--di wu dai yi dong tong xin xi tong | |
| 电子资源: | ||
| ISBN: | 978-7-111-75827-3 | |
| 000 | 02257nam 2200337 450 | |
| 001 | 93796 | |
| 005 | 20250819161215.89 | |
| 010 | @a978-7-111-75827-3@dCNY99.00 | |
| 100 | @a20240827d2024 em y0chiy50 ea | |
| 101 | 1 | @achi@ceng |
| 102 | @aCN@b110000 | |
| 105 | @aa a 000yy | |
| 106 | @ar | |
| 200 | 1 | @a5G移动网络的同步@A5G yi dong wang luo de tong bu@h上册@f(美) 丹尼斯·哈加蒂, 沙希德·阿杰梅里, 安舒尔·坦瓦尔著@d= Synchronizing 5G mobile networks@h上册@fDennis Hagarty, Shahid Ajmeri, Anshul Tanwar@g郭宇春 ... [等] 译@zeng |
| 210 | @a北京@c机械工业出版社@d2024.07 | |
| 215 | @a304页@c图@d24cm | |
| 225 | 2 | @a通信网络前沿技术丛书@Atong xin wang luo qian yan ji shu cong shu |
| 306 | @a由Pearson Education (培生教育出版集团) 授权出版 | |
| 314 | @a丹尼斯·哈加蒂, 信息技术和电信领域经验丰富的技术专家。他曾在澳大利亚和欧洲为大量企业和服务提供商提供售前咨询并从事工程管理工作。沙希德·阿杰梅里, 思科高级产品经理, 负责5G传输和移动边缘架构战略。安舒尔·坦瓦尔, 思科首席工程师, 因将研发专业知识与商业敏感性相结合而闻名。他在思科任职超过20年, 设计了许多被全球大型一线移动和城域以太网服务提供商使用的路由和交换产品。他领导了思科郭宇春博士, 北京交通大学电子信息工程学院教授, 博导, 主要研究方向包括网络科学、信息网络、人工智能、大数据处理等, 在国内外学术期刊和国际会议上发表学术论文百余篇, 专著、译著多部, 发明专利授权十余项。 | |
| 320 | @a有书目 | |
| 330 | @aSynchronizing5GMobileNetworks的中文翻译版分成了上册和下册。本书是上册, 涵盖了同步和定时基础 (第1-3章) 、标准制定组织、时钟和定时协议 (第4-7章), 以及ITU-T定时建议和PTP部署 (第8-9章) 。本书是关于5G移动网络定时和同步方面的全面指南。无论是网络工程师、系统架构师、运营经理还是技术销售专业人员, 本书都能够帮助其了解现代网络中定时和同步的关键作用。书中还提供了确保网络运营的可靠性和高效性的相关知识。 | |
| 410 | 0 | @12001 @a通信网络前沿技术丛书 |
| 500 | 10 | @aSynchronizing 5G mobile networks@mChinese |
| 606 | 0 | @a第五代移动通信系统@Adi wu dai yi dong tong xin xi tong |
| 690 | @aTN929.538@v5 | |
| 701 | 1 | @a哈加蒂@Aha jia di@g(Hagarty, Dennis)@4著 |
| 701 | 1 | @a阿杰梅里@Aa jie mei li@g(Ajmeri, Shahid)@4著 |
| 701 | 1 | @a坦瓦尔@Atan wa er@g(Tanwar, Anshul)@4著 |
| 702 | 0 | @a郭宇春@Aguo yu chun@4译 |
| 801 | 0 | @aCN@c20250909 |
| 905 | @a河南城建学院图书馆@dTN929.538@eH022:1@f1 | |
| 5G移动网络的同步.上册/(美) 丹尼斯·哈加蒂, 沙希德·阿杰梅里, 安舒尔·坦瓦尔著= Synchronizing 5G mobile networks.上册/Dennis Hagarty, Shahid Ajmeri, Anshul Tanwar/郭宇春 ... [等] 译.-北京:机械工业出版社,2024.07 |
| 304页:图;24cm.-(通信网络前沿技术丛书) |
| ISBN 978-7-111-75827-3:CNY99.00 |
| Synchronizing5GMobileNetworks的中文翻译版分成了上册和下册。本书是上册, 涵盖了同步和定时基础 (第1-3章) 、标准制定组织、时钟和定时协议 (第4-7章), 以及ITU-T定时建议和PTP部署 (第8-9章) 。本书是关于5G移动网络定时和同步方面的全面指南。无论是网络工程师、系统架构师、运营经理还是技术销售专业人员, 本书都能够帮助其了解现代网络中定时和同步的关键作用。书中还提供了确保网络运营的可靠性和高效性的相关知识。 |
| ● |
| 相关链接 |
|
|
|
正题名:5G移动网络的同步
索取号:TN929.538/H022:1
 
预约/预借
| 序号 | 登录号 | 条形码 | 馆藏地/架位号 | 状态 | 备注 |
| 1 | 1627753 | 216277534 | 自科库301/301自科库 100排3列6层/ [索取号:TN929.538/H022:1] | 在馆 |